000
00339 a2200157 4500
001
157662
040
_c
Escola São Tomás de Aquino
100
_a
SABINO, Fernando
240
1
0
_a
Martini seco
_l
por
245
1
0
_a
Martini seco
300
_a
87
362
0
_a
2008
440
1
_a
Ática
697
_a
LITERATURA BRASILEIRA
942
_c
BK
999
_c
157662
_d
157662